| 000 | 00420cam a2200157ua 4500 | ||
|---|---|---|---|
| 003 | OSt | ||
| 008 | 250823b |||||||| |||| 00| 0 eng d | ||
| 041 | _aeng | ||
| 082 |
_a627.52 _bSHA/TE |
||
| 100 | _aSharma, R K . | ||
| 245 | _aText book of irrigation engineering and hydraulic structures / | ||
| 250 | _a1 / | ||
| 260 |
_aNew Delhi : _bOxford & IBH Publishing company , _c1984. |
||
| 300 | _a997 ; . | ||
| 942 | _cBK | ||
| 999 |
_c5731 _d5731 |
||